000 02730nam a22001577a 4500
041 _aukr
080 _a09
090 _bДЕМ
100 _aДемчук Л.М.
245 _aСміх та смішне лексичними засобами англійської мови: структурний та функціональний аспект
260 _aОстрог
_bКАФ
_c2012
300 _a86
520 _aВступ. Розділ 1. Структурні особливості лексико-семантичного поля як основи будови концепту сміх. 1.1. Визначення терміну "лексико-семантичне поле" та підходи до дослідження цього явища. 1.2. Концепт: проблеми становлення, диференціації, структури. 1.2.1. Концепт як складова концептуальної і мовної картини світу. 1.3. Психофізіологічна та соціальна природа сміху. 1.3.1. Усмішка як мімічний рух у комунікативній ситуації. Розділ 2. Структурно-семантичні характеристики лексико-семантичного поля сміху сучасної англійської мови. 2.1. Парадигматичні та синтагматичні характеристики англійських прикметників на позначення сміху. 2.2. Семантична структура прикметників на позначення сміху. 2.3. Семантичні та словотвірні характеристики англійських іменників на позначення сміху. 2.4. Граматична сполучуваність іменників на позначення сміху. 2.5. Структура значень лексико-семантичних варіантів на позначення сміху. Розділ 3. Сміх та смішне: структурний та функціонально-комунікативний аспект. 3.1. Лексеми на позначення сміху в функціонально-комунікавному аспекті. 3.2. Семантика концепту СМІХ у мовній картині світу. 3.2.1. Фразеологічне вираження поняття СМІХ. 3.2.2. Семантична структура концепту СМІХ. Висновки. Список використаної літератури. Додатки.
650 _aResearch Papers
999 _c284927
_d284927
942 _cBK